000 00911nam a2200289 a 4500
001 22981
003 SK-KTurca
005 20260513094823.0
008 250414s1992 xo 0 slo
015 _aSNBA1992/10
020 _a8090049265
035 _aSNK000012056
040 _aSNK
_bslo
_cSNK
_eAACR2
041 0 _aslo
044 _axo
_cSK
080 _a615.85/.86(035)
_21981
100 1 _aTepperwein, Kurt,
_d1932-
_4aut
245 1 0 _aLiečenie duševnými procesmi
_bPsychokybernetikou za zdravím a šťastím
_cKurt Tepperwein ; Helena Třísková, Ľudovít Varga
250 _a1. vyd.
260 _aŠamorín
_bFONTANA Kiadó, s. r.o.
_c1992
_eBratislava
_fDanubiaprint
300 _a192 s.
_c20 cm
700 1 _aTřísková, Helena
_4trl
700 1 _aVarga, Ľudovít
_4bkd
942 _2ddc
_cOLDO
_n0
999 _c22981
_d22981